00667nam a2200193 i 4500001001100000003000500011005001700016008004100033040002500074082001600099245005800115264006900173300002900242336002100271337002500292338002300317500007500340650005800415C2-0072656PPAK20190630222216.0970429s1971 -hk |||| ||||| | eng d aPPAKbengcPPAKerda04a338.95922300aDevelopment in southeast Asia : bissues and dilemmas 1aHong Kong : bSoutheast Asia Social Science Association , c1971 avii, 186 pages ; c23 cm 2rdacontentatext 2rdamediaaunmediated 2rdacarrieravolume aPapers presented at an Academic Conference, 26-29 Oct. 1971, Hong Kong10aAsia, Southeastern - Economic conditions - Congresses